Jazz age Josephine / (Record no. 8298)

MARC details
000 -LEADER
fixed length control field 01064nam a22003017a 4500
001 - CONTROL NUMBER
control field 8298
003 - CONTROL NUMBER IDENTIFIER
control field FISKH
005 - DATE AND TIME OF LATEST TRANSACTION
control field 20250908151543.0
008 - FIXED-LENGTH DATA ELEMENTS--GENERAL INFORMATION
fixed length control field 250908b cb ||||| |||| 00| 0 eng d
020 ## - INTERNATIONAL STANDARD BOOK NUMBER
International Standard Book Number 9780545556323
040 ## - CATALOGING SOURCE
Original cataloging agency FISKH
Language of cataloging eng
Transcribing agency FISKH
Modifying agency FISKH
050 ## - LIBRARY OF CONGRESS CALL NUMBER
Classification number GV1785.B3 W56
082 ## - DEWEY DECIMAL CLASSIFICATION NUMBER
Classification number 792.8092
100 ## - MAIN ENTRY--PERSONAL NAME
Personal name Winter, Jonah
245 ## - TITLE STATEMENT
Title Jazz age Josephine /
Statement of responsibility, etc. By Jonah Winter ; Illustrated by Marjorie Priceman
250 ## - EDITION STATEMENT
Edition statement This edition first published in 2012
260 ## - PUBLICATION, DISTRIBUTION, ETC.
Place of publication, distribution, etc. New York :
Name of publisher, distributor, etc. Scholastic,
Date of publication, distribution, etc. 2012
300 ## - PHYSICAL DESCRIPTION
Extent 38 unnumbered pages :
Other physical details color illustrations ;
Dimensions 26 cm
505 ## - FORMATTED CONTENTS NOTE
Formatted contents note R<br/>
520 ## - SUMMARY, ETC.
Summary, etc. A tribute to the life of the iconic jazz entertainer depicts her disadvantaged youth in a segregated America, her unique performance talents, and the irrepressible sense of style that helped her overcome racial barriers.<br/>
521 8# - TARGET AUDIENCE NOTE
Target audience note 770<br/>
Source Lexile<br/>
521 8# - TARGET AUDIENCE NOTE
Target audience note R<br/>
Source Raz-Plus<br/>
650 ## - SUBJECT ADDED ENTRY--TOPICAL TERM
Source of heading or term Jazz
Topical term or geographic name entry element Dance
650 ## - SUBJECT ADDED ENTRY--TOPICAL TERM
Source of heading or term Biography
Topical term or geographic name entry element Blues
700 ## - ADDED ENTRY--PERSONAL NAME
Personal name Priceman, Marjorie
Dates associated with a name illustrator
942 ## - ADDED ENTRY ELEMENTS (KOHA)
Source of classification or shelving scheme Dewey Decimal Classification
Koha item type Books
Suppress in OPAC No
Holdings
Withdrawn status Lost status Source of classification or shelving scheme Damaged status Not for loan Collection Home library Current library Shelving location Date acquired Total Checkouts Full call number Barcode Date last seen Copy number Price effective from Koha item type
    Dewey Decimal Classification     Juvenile Fiction Footprints International School Library Network Toul Tom Poung Campus Footprints International School Library Network Toul Tom Poung Campus TTP Primary Orange Bookshelves 09/08/2025   WIN 792.8092 GV1785.B3 W56 FIS02043 09/08/2025 1 09/08/2025 Books